Dialéctica de la mirada: Walter Benjamin y el proyecto de los Pasajes.
Kaydedildi:
| Yazar: | |
|---|---|
| Materyal Türü: | Kitap |
| Dil: | İspanyolca |
| Baskı/Yayın Bilgisi: |
Madrid, España
A. Machado Libros
2001
|
| Edisyon: | Segunda edición |
| Seri Bilgileri: | La Balsa de la Medusa.
79 |
| Konular: | |
| Etiketler: |
Etiketle
Etiket eklenmemiş, İlk siz ekleyin!
|
MARC
| LEADER | 00000cam a2200000 a 4500 | ||
|---|---|---|---|
| 001 | UCD0800 | ||
| 003 | CL-VaPUC | ||
| 005 | 20240306160246.0 | ||
| 008 | 151218e20010000sp |||||||||||||||||spa|d | ||
| 999 | |c 362247 |d 362245 | ||
| 020 | |a 847774579X | ||
| 040 | |c Pontificia Universidad Católica de Valparaíso | ||
| 082 | 0 | 4 | |a 701.17 BUC 2001 |2 21 |
| 100 | 0 | |a Buck-Morss, Susan |9 583826 | |
| 245 | 1 | 0 | |a Dialéctica de la mirada: Walter Benjamin y el proyecto de los Pasajes. |
| 250 | |a Segunda edición | ||
| 260 | 0 | 3 | |a Madrid, España |b A. Machado Libros |c 2001 |
| 300 | |a 418 páginas | ||
| 490 | 0 | |a La Balsa de la Medusa. |v 79 | |
| 583 | |a last modification |c 20190801 07:48:15 |k Rodrigo Vera | ||
| 600 | 0 | |a Benjamin, Walter |d 1892-1940 |9 269121 | |
| 650 | 0 | |a Estética |9 264950 | |
| 650 | 0 | |a Imagen |9 311402 | |
| 650 | 0 | |a Filosofía del arte |9 264951 | |
| 650 | 0 | |a Cultura de masas |9 334655 | |
| 942 | |c BK |2 ddc | ||
| 945 | |d 20151218 14:15:00 |a dcastane | ||
| 952 | |0 0 |1 0 |2 ddc |3 erb |4 0 |6 701_170000000000000_BUC_2001 |7 0 |8 A |9 473282 |a BIBARQ |b BIBARQ |i 5257425 |o 701.17 BUC 2001 |p 5257425 |r 2025-01-20 |t 1 |w 2019-11-24 |y BK |z Catalogado en:20151218 |k ARQ | ||